书目信息 |
| 题名: |
东方大审判
|
|
| 作者: | 郭晓晔 著 | |
| 分册: | ||
| 出版信息: | 北京 解放军文艺出版社 2005.05 |
|
| 页数: | 356页, [2] 页图版 | |
| 开本: | 21cm | |
| 丛书名: | 中国抗日战争纪实丛书 | |
| 单 册: | ||
| 中图分类: | I25 , K265.306 | |
| 科图分类: | ||
| 主题词: | 战犯--审判--史料--日本 , 报告文学--中国--现代 , 中国--历史 | |
| 电子资源: | ||
| ISBN: | 7-5033-0660-2 | |
| 000 | 00973nam 2200289 450 | |
| 001 | 010255413030 | |
| 005 | 20050807172833.45 | |
| 010 | @a7-5033-0660-2@dCNY21.00 | |
| 100 | @a20050730d2005 km y0chiy0120 ea | |
| 101 | 0 | @achi |
| 102 | @aCN@b110000 | |
| 105 | @aacfhz 000yy | |
| 200 | 1 | @a东方大审判@Adong fang da shen pan@e审判侵华日军战犯纪实@f郭晓晔著@Fguo xiao ye zhu |
| 210 | @a北京@c解放军文艺出版社@d2005.05 | |
| 215 | @a356页, [2] 页图版@c图, 肖像, 摹真@d21cm | |
| 225 | 2 | @a中国抗日战争纪实丛书 |
| 330 | @a本书的内容包括:总序,引子,第一章 帝国落日,第二章 受降庆典,第三章 法庭之初等。 | |
| 410 | 0 | @12001 @a中国抗日战争纪实丛书 |
| 517 | 1 | @a审判侵华日军战犯纪实@Ashen pan qin hua ri jun zhan fan ji shi |
| 606 | 0 | @a战犯@x审判@x史料@y日本 |
| 606 | 0 | @a报告文学@y中国@z现代 |
| 606 | 0 | @a中国@x历史 |
| 690 | @aI25@v4 | |
| 690 | @aK265.306@v3 | |
| 701 | 0 | @a郭晓晔@Aguo xiao ye@4著 |
| 801 | 0 | @aCN@bQSSK@c20050807 |
| 905 | @a10447@dK265.306@eG850 | |
| 东方大审判:审判侵华日军战犯纪实/郭晓晔著.-北京:解放军文艺出版社,2005.05 |
| 356页, [2] 页图版:图, 肖像, 摹真;21cm.-(中国抗日战争纪实丛书) |
| ISBN 7-5033-0660-2:CNY21.00 |
| 本书的内容包括:总序,引子,第一章 帝国落日,第二章 受降庆典,第三章 法庭之初等。 |
| ● |
| 相关链接 |
|
|
|
正题名:东方大审判
索取号:K265.306/G850
 
预约/预借
| 序号 | 登录号 | 条形码 | 馆藏地/架位号 | 状态 | 备注 |
| 1 | 528021 | 205280211 | 社科库309/309社科库 36排6列6层/ [索取号:K265.306/G850] | 在馆 | |
| 2 | 528022 | 205280220 | 社科库309/309社科库 36排6列6层/ [索取号:K265.306/G850] | 在馆 | |
| 3 | 528023 | 205280239 | 社科库309/309社科库 36排6列6层/ [索取号:K265.306/G850] | 在馆 |